[Event "23rd EUR-ch"]
[Site "Vrnjacka Banja SRB"]
[Date "2023.03.09"]
[Round "7.50"]
[White "Boruchovsky, Avital"]
[Black "Soffer, Ram"]
[Result "1-0"]
[WhiteElo "2536"]
[BlackElo "2456"]
[EventDate "2023.03.03"]
[PlyCount "55"]

1.e4 c5 2.Nf3 e6 3.d4 cxd4 4.Nxd4 a6 5.c4 Nf6 6.Nc3 Bb4 7.Qd3 d5 8.cxd5 
exd5 9.e5 Ne4 10.Be2 Qc7 11.O-O Nxc3 12.bxc3 Qxc3 13.Qd1 Nc6 14.Be3 Nxd4 
15.Bxd4 Qa3 16.Rb1 O-O 17.e6 Be7 18.exf7+ Rxf7 19.Bf3 Bf5 20.Bxd5 Bxb1 21.
Qxb1 Qb4 22.Qf5 Rf8 23.Rd1 Qa4 24.Qh5 Kh8 25.Bb3 Qe8 26.Bc2 Rf5 27.Qxe8 
Rxe8 28.Bxf5 1-0

[Event "23rd EUR-ch"]
[Site "Vrnjacka Banja SRB"]
[Date "2023.03.09"]
[Round "7.51"]
[White "Badelka, Olga"]
[Black "Dvirnyy, Danyyil"]
[Result "1/2-1/2"]
[WhiteElo "2428"]
[BlackElo "2531"]
[EventDate "2023.03.03"]
[PlyCount "55"]

1.Nf3 d5 2.c4 dxc4 3.e3 Nf6 4.Bxc4 e6 5.d4 a6 6.O-O c5 7.dxc5 Qxd1 8.Rxd1 
Bxc5 9.b3 O-O 10.Bb2 Nbd7 11.Be2 b6 12.Nc3 b5 13.Rac1 Be7 14.Nb1 Nd5 15.e4
N5f6 16.e5 Nd5 17.Nc3 Nf4 18.Bf1 Ng6 19.Ne2 Rd8 20.Ned4 Ndxe5 21.Nxe5 Nxe5
22.Nxb5 Rxd1 23.Rxd1 axb5 24.Bxe5 Rxa2 25.Bxb5 Ra5 26.Bd6 Rxb5 27.Bxe7 Rd5
28.Rxd5 1/2-1/2

[Event "23rd EUR-ch"]
[Site "Vrnjacka Banja SRB"]
[Date "2023.03.09"]
[Round "7.52"]
[White "Kacharava, Nikolozi"]
[Black "Nigalidze, Gaioz"]
[Result "1-0"]
[WhiteElo "2531"]
[BlackElo "2448"]
[EventDate "2023.03.03"]
[PlyCount "119"]

1.e4 c5 2.Nf3 Nc6 3.Bb5 e5 4.O-O Bd6 5.d4 Nxd4 6.Bc4 h6 7.Nxd4 cxd4 8.c3 
Bc5 9.f4 d5 10.Bxd5 Nf6 11.Qa4+ Bd7 12.Qc4 Qb6 13.Bxf7+ Ke7 14.fxe5 d3+ 
15.Kh1 Ng4 16.Bh5 Nxe5 17.Qd5 Bd6 18.Nd2 Raf8 19.Nf3 Be6 20.Qd4 g6 21.Bd2 
gxh5 22.Nxe5 Rf7 23.Rf4 Rxf4 24.Rd1 Rf1+ 25.Rxf1 Qxd4 26.cxd4 Bxe5 27.dxe5
Rc8 28.Bb4+ Kd7 29.Rd1 Rc2 30.Rxd3+ Ke8 31.Kg1 Rxb2 32.a3 Re2 33.Rd6 Kf7 
34.Rd4 Rc2 35.Rd8 Rc8 36.Rd1 Rc4 37.Rf1+ Kg7 38.Rf6 Bf7 39.Bd2 Bg6 40.Kf2 
Rxe4 41.Bc3 Rc4 42.Rf3 Re4 43.e6+ Kg8 44.Rf6 Be8 45.Rxh6 Kf8 46.Kf3 Rg4 
47.Rh8+ Rg8 48.Bb4+ Kg7 49.Bc3+ Kf8 50.Rh7 Bc6+ 51.Kf4 Rxg2 52.Bf6 Bd5 53.
Ke5 Bb3 54.Rh8+ Rg8 55.Rxh5 Rg2 56.Rh8+ Rg8 57.Rh3 Bc4 58.a4 b6 59.Rh4 b5 
60.Rd4 1-0

[Event "23rd EUR-ch"]
[Site "Vrnjacka Banja SRB"]
[Date "2023.03.09"]
[Round "7.53"]
[White "Tutisani, Noe"]
[Black "Guliev, Namig"]
[Result "0-1"]
[WhiteElo "2411"]
[BlackElo "2528"]
[EventDate "2023.03.03"]
[PlyCount "132"]

1.e4 e5 2.f4 d5 3.exd5 exf4 4.Nf3 Nf6 5.Bb5+ Nbd7 6.O-O Nxd5 7.Nc3 Nxc3 8.
bxc3 Be7 9.d4 g5 10.Nxg5 Bxg5 11.h4 Bxh4 12.Rxf4 O-O 13.Qg4+ Bg5 14.Rf5 f6
15.Rxg5+ fxg5 16.Bxg5 Nb6 17.Qh4 Qd5 18.c4 Qf7 19.c5 Nd5 20.Rf1 Bf5 21.g4 
Qg6 22.gxf5 Rxf5 23.Rxf5 Qxf5 24.Bd3 Qf7 25.c4 Nb4 26.Bb1 Rf8 27.Bf6 Re8 
28.Qg5+ Kf8 29.Qh6+ Kg8 30.Qg5+ Kf8 31.Qh6+ Kg8 32.Bf5 Re1+ 33.Kh2 Re2+ 
34.Kh3 Nc6 35.Qg5+ Kf8 36.d5 Ne7 37.Bg4 Rf2 38.Bd4 Rxa2 39.Bf6 Ng8 40.Be6 
Qg6 41.Qxg6 hxg6 42.Bd8 Re2 43.Bd7 Re7 44.Bb5 a6 45.c6 bxc6 46.Bxc6 Re3+ 
47.Kg2 Rc3 48.Bxc7 Rxc4 49.d6 Nf6 50.Bb7 Ra4 51.Kf3 Kf7 52.Bc6 Ra3+ 53.Kf4
Ke6 54.Kg5 Rg3+ 55.Kh6 Rg1 56.Kg7 g5 57.Ba4 Rf1 58.Kg6 g4 59.Bb3+ Kd7 60.
Bc4 Rf4 61.Bxa6 g3 62.Bb5+ Ke6 63.d7 Rg4+ 64.Kh6 Nxd7 65.Be2 Rh4+ 66.Kg5 
g2 0-1

[Event "23rd EUR-ch"]
[Site "Vrnjacka Banja SRB"]
[Date "2023.03.09"]
[Round "7.54"]
[White "Janik, Igor"]
[Black "Erdogmus, Yagiz Kaan"]
[Result "1/2-1/2"]
[WhiteElo "2527"]
[BlackElo "2445"]
[EventDate "2023.03.03"]
[PlyCount "68"]

1.c4 c5 2.Nc3 Nc6 3.g3 g6 4.Bg2 Bg7 5.d3 e6 6.h4 h5 7.Bg5 f6 8.Bd2 Nge7 9.
e3 O-O 10.Nge2 e5 11.a3 d6 12.Nd5 Nxd5 13.Bxd5+ Kh7 14.b4 Ne7 15.Bg2 Bf5 
16.Bc3 Qd7 17.Rb1 Rab8 18.b5 Be6 19.O-O d5 20.cxd5 Bxd5 21.Qc2 Rbc8 22.
Rfd1 Bxg2 23.Kxg2 Nd5 24.e4 Nc7 25.b6 Nb5 26.Qb3 a6 27.a4 Nd6 28.f3 Qc6 
29.Bb2 f5 30.Qd5 Qxd5 31.exd5 f4 32.Rdc1 Nf5 33.gxf4 Nxh4+ 34.Kf2 exf4 
1/2-1/2

[Event "23rd EUR-ch"]
[Site "Vrnjacka Banja SRB"]
[Date "2023.03.09"]
[Round "7.55"]
[White "Ohanian, Emin"]
[Black "Gavrilescu, David"]
[Result "1/2-1/2"]
[WhiteElo "2405"]
[BlackElo "2527"]
[EventDate "2023.03.03"]
[PlyCount "67"]

1.d4 Nf6 2.c4 e6 3.Nf3 d5 4.Nc3 h6 5.g3 Bd6 6.Bg2 O-O 7.O-O Nc6 8.b3 Re8 
9.Bb2 dxc4 10.bxc4 e5 11.Nd5 exd4 12.Nxd4 Nxd4 13.Bxd4 Ng4 14.c5 Be5 15.
Bxe5 Nxe5 16.Rb1 Rb8 17.Qa4 Bd7 18.Qf4 c6 19.Nc3 Qa5 20.Qb4 Qa6 21.Rfd1 
Be6 22.a4 b6 23.Qf4 f6 24.Rd6 Bf7 25.Bxc6 bxc5 26.Bxe8 Rxb1+ 27.Nxb1 Qxd6 
28.Bxf7+ Kxf7 29.Qe4 c4 30.Nc3 Qd2 31.Qb7+ Kg6 32.Qe4+ Kf7 33.Qb7+ Kg6 34.
Qe4+ 1/2-1/2

[Event "23rd EUR-ch"]
[Site "Vrnjacka Banja SRB"]
[Date "2023.03.09"]
[Round "7.57"]
[White "Megalios, Konstantinos"]
[Black "Alsina Leal, Daniel"]
[Result "0-1"]
[WhiteElo "2382"]
[BlackElo "2522"]
[EventDate "2023.03.03"]
[PlyCount "40"]

1.Nf3 Nf6 2.c4 c5 3.d4 cxd4 4.Nxd4 e5 5.Nb5 d5 6.cxd5 Bc5 7.N5c3 O-O 8.g3 
Ng4 9.e3 f5 10.Be2 Nd7 11.O-O Ndf6 12.Nd2 Qe8 13.h3 Nh6 14.Na4 Be7 15.Nc3 
f4 16.exf4 exf4 17.Kh2 Bd6 18.Nc4 Qd7 19.g4 f3+ 20.Kh1 Nfxg4 0-1

[Event "23rd EUR-ch"]
[Site "Vrnjacka Banja SRB"]
[Date "2023.03.09"]
[Round "7.58"]
[White "Horvath, Dominik"]
[Black "Tadic, Stefan"]
[Result "1/2-1/2"]
[WhiteElo "2521"]
[BlackElo "2353"]
[EventDate "2023.03.03"]
[PlyCount "63"]

1.e4 c5 2.Nf3 e6 3.d4 cxd4 4.Nxd4 Nf6 5.Nc3 Nc6 6.Nxc6 bxc6 7.e5 Nd5 8.Ne4
Qc7 9.f4 Qb6 10.c4 Bb4+ 11.Ke2 f5 12.exf6 Nxf6 13.Be3 Qd8 14.Nd6+ Bxd6 15.
Qxd6 Bb7 16.Kd1 c5 17.Qxc5 Be4 18.Be2 d5 19.Bd4 dxc4 20.Bxc4 Rc8 21.Qe5 
O-O 22.Bxe6+ Kh8 23.Bxc8 Qxc8 24.Rc1 Qa6 25.Rc3 Qa4+ 26.b3 Qxa2 27.Re1 
Qb1+ 28.Kd2 Qb2+ 29.Kd1 Qb1+ 30.Kd2 Qb2+ 31.Kd1 Qb1+ 32.Kd2 1/2-1/2

[Event "23rd EUR-ch"]
[Site "Vrnjacka Banja SRB"]
[Date "2023.03.09"]
[Round "7.59"]
[White "Djukic, Nikola"]
[Black "Manafov, Vugar"]
[Result "1/2-1/2"]
[WhiteElo "2514"]
[BlackElo "2349"]
[EventDate "2023.03.03"]
[PlyCount "102"]

1.e4 c5 2.Nf3 a6 3.c3 d5 4.exd5 Qxd5 5.d4 Nf6 6.Be2 e6 7.O-O Be7 8.Ne5 O-O
9.Be3 cxd4 10.Bxd4 Nbd7 11.Bf3 Qd6 12.Qe2 Qc7 13.Nd2 Nxe5 14.Bxe5 Bd6 15.
Bxd6 Qxd6 16.Ne4 Nxe4 17.Qxe4 Ra7 18.Rfd1 Qc7 19.Rd2 Bd7 20.Qd4 b6 21.Rad1
Bc6 22.Bxc6 Qxc6 23.Qe3 Raa8 24.Rd7 Qa4 25.a3 Qb3 26.R1d2 b5 27.h4 h6 28.
Qe5 Rac8 29.h5 Qc4 30.R2d4 Qc5 31.Qxc5 Rxc5 32.Ra7 Rc6 33.Rdd7 e5 34.Re7 
Rf6 35.Rxe5 Rd8 36.f3 Kh7 37.Kf2 Rd2+ 38.Re2 Rd5 39.g4 Rd3 40.Re3 Rd2+ 41.
Kg3 g6 42.hxg6+ Kxg6 43.Ra8 Rxb2 44.Ree8 Rc6 45.Rh8 Rxc3 46.Rag8+ Kf6 47.
Rxh6+ Ke7 48.Rxa6 Rbb3 49.Ra7+ Ke6 50.Ra6+ Ke7 51.Ra7+ Ke6 1/2-1/2

[Event "23rd EUR-ch"]
[Site "Vrnjacka Banja SRB"]
[Date "2023.03.09"]
[Round "7.60"]
[White "Stremavicius, Pijus"]
[Black "Halkias, Stelios"]
[Result "1/2-1/2"]
[WhiteElo "2383"]
[BlackElo "2514"]
[EventDate "2023.03.03"]
[PlyCount "91"]

1.d4 Nf6 2.c4 e6 3.Nc3 d5 4.cxd5 exd5 5.Bg5 Be7 6.e3 c6 7.Bd3 h6 8.Bh4 O-O
9.Nf3 Ne4 10.Bxe7 Qxe7 11.Qc2 Bf5 12.O-O Nd7 13.Rab1 Nb6 14.Bxe4 dxe4 15.
Nd2 Bh7 16.a4 Qb4 17.Ra1 Rfe8 18.a5 Nd5 19.Rfc1 Nc7 20.Qb3 Na6 21.Ra3 Qe7 
22.Na4 Bf5 23.Nc5 Nxc5 24.Rxc5 Be6 25.Qd1 Bd5 26.Nb1 b6 27.Rc1 Qb4 28.Qd2 
bxa5 29.Rxa5 Qxd2 30.Nxd2 Reb8 31.b3 f5 32.h3 Rb6 33.Rca1 Rb7 34.R1a3 g5 
35.Ra6 f4 36.Nc4 Bxc4 37.bxc4 Rb1+ 38.Kh2 Rf1 39.Ra2 Rb8 40.exf4 gxf4 41.
Rxa7 Rbb1 42.Ra8+ Kf7 43.R2a7+ Ke6 44.Re8+ Kd6 45.Rd8+ Ke6 46.Re8+ 1/2-1/2

[Event "23rd EUR-ch"]
[Site "Vrnjacka Banja SRB"]
[Date "2023.03.09"]
[Round "7.61"]
[White "Brunello, Sabino"]
[Black "Eren, Ataberk"]
[Result "1/2-1/2"]
[WhiteElo "2512"]
[BlackElo "2308"]
[EventDate "2023.03.03"]
[PlyCount "74"]

1.e4 e5 2.Nf3 Nc6 3.Bb5 a6 4.Ba4 Nf6 5.O-O Be7 6.Bxc6 dxc6 7.d3 Bd6 8.Be3 
O-O 9.h3 Nd7 10.Nc3 Re8 11.Nd2 Nf8 12.Nc4 Ng6 13.Ne2 Bf8 14.Qd2 Be6 15.Qc3
Qd7 16.f4 exf4 17.Nxf4 Nxf4 18.Rxf4 f6 19.Raf1 b6 20.R4f3 a5 21.a3 c5 22.
Nd2 Rad8 23.Rg3 Kh8 24.Nf3 Bg8 25.Bf4 c4 26.e5 f5 27.dxc4 Qe6 28.b3 Bxa3 
29.Ng5 Bc5+ 30.Kh1 Qe7 31.e6 Bd4 32.Qf3 g6 33.Qc6 Bxe6 34.Bxc7 Rc8 35.Nxe6
Qxe6 36.Qxe6 Rxe6 37.Rd3 Bc5 1/2-1/2

[Event "23rd EUR-ch"]
[Site "Vrnjacka Banja SRB"]
[Date "2023.03.09"]
[Round "7.62"]
[White "Ahmad, Khagan"]
[Black "Gadimbayli, Abdulla"]
[Result "1/2-1/2"]
[WhiteElo "2220"]
[BlackElo "2507"]
[EventDate "2023.03.03"]
[PlyCount "89"]

1.e4 e6 2.d4 d5 3.Nd2 c5 4.Ngf3 cxd4 5.Nxd4 Nc6 6.Bb5 Bd7 7.Nxc6 bxc6 8.
Bd3 Bd6 9.Qe2 e5 10.c4 d4 11.c5 Bxc5 12.Nc4 Bb4+ 13.Bd2 Bxd2+ 14.Qxd2 Qe7 
15.O-O Nh6 16.f4 exf4 17.Qxf4 O-O 18.e5 Ng4 19.h3 Ne3 20.Nxe3 dxe3 21.Qxe3
Be6 22.Be4 Rab8 23.Rf2 c5 24.Rd1 Rfd8 25.Rfd2 Rxd2 26.Rxd2 g6 27.Qf4 Kg7 
28.a3 c4 29.Kh2 Rb5 30.Bf3 h6 31.Be2 Rc5 32.Bf3 Qg5 33.Qxg5 hxg5 34.Re2 
Bf5 35.Re3 Be6 36.Be2 Rb5 37.Rc3 Rxb2 38.Bxc4 Bf5 39.Bd3 Be6 40.Bc4 Bf5 
41.Bd3 Rb6 42.Bxf5 gxf5 43.Rc7 a6 44.Ra7 Kg6 45.a4 1/2-1/2

[Event "23rd EUR-ch"]
[Site "Vrnjacka Banja SRB"]
[Date "2023.03.09"]
[Round "7.63"]
[White "Spyropoulos, Nikolaos"]
[Black "Donchenko, Alexander"]
[Result "0-1"]
[WhiteElo "2442"]
[BlackElo "2653"]
[EventDate "2023.03.03"]
[PlyCount "62"]

1.e4 c5 2.Nf3 d6 3.d4 cxd4 4.Nxd4 Nf6 5.Nc3 a6 6.h3 g6 7.g4 Bg7 8.Bg2 Nc6 
9.Be3 O-O 10.O-O h5 11.Nxc6 bxc6 12.e5 dxe5 13.Qxd8 Rxd8 14.Bxc6 Rb8 15.
Rfd1 Rd6 16.Rxd6 exd6 17.g5 Nh7 18.Rd1 Bf8 19.Ne4 Bxh3 20.c4 Rxb2 21.Nxd6 
Be7 22.c5 Nxg5 23.Bxg5 Bxg5 24.Bd5 Bh4 25.Nxf7 Kg7 26.Nxe5 Bxf2+ 27.Kh2 
Bd4+ 28.Kxh3 Bxe5 29.Rh1 g5 30.Bf3 Kh6 31.c6 Rxa2 0-1

[Event "23rd EUR-ch"]
[Site "Vrnjacka Banja SRB"]
[Date "2023.03.09"]
[Round "7.64"]
[White "Kovalev, Vladislav"]
[Black "Fromm, Marius"]
[Result "1-0"]
[WhiteElo "2623"]
[BlackElo "2428"]
[EventDate "2023.03.03"]
[PlyCount "87"]

1.e4 c5 2.Nf3 e6 3.d3 Nc6 4.g3 g6 5.Bg2 Bg7 6.O-O Nge7 7.c3 O-O 8.Re1 e5 
9.Na3 d6 10.Bd2 a6 11.b4 b5 12.Nc2 h6 13.bxc5 dxc5 14.Be3 Qd6 15.d4 cxd4 
16.cxd4 Bg4 17.d5 Na5 18.h3 Bd7 19.Bd2 Qb6 20.Bc3 f6 21.Bb4 Rf7 22.Ne3 Nb7
23.a4 a5 24.axb5 Bxb5 25.Ba3 Qa6 26.Rb1 a4 27.Nh4 Kh7 28.Qg4 h5 29.Qe6 Nd8
30.Qxa6 Bxa6 31.Rec1 Bf8 32.Rb4 g5 33.Nf3 Be2 34.Rb2 Bxf3 35.Bxf3 g4 36.
Be2 Nc8 37.Bxf8 Rxf8 38.hxg4 hxg4 39.Nf5 Rf7 40.Kg2 Rfa7 41.Rh1+ Kg8 42.d6
a3 43.Bc4+ Nf7 44.Rd2 1-0

[Event "23rd EUR-ch"]
[Site "Vrnjacka Banja SRB"]
[Date "2023.03.09"]
[Round "7.65"]
[White "Shubin, Kirill"]
[Black "Rodshtein, Maxim"]
[Result "1/2-1/2"]
[WhiteElo "2449"]
[BlackElo "2622"]
[EventDate "2023.03.03"]
[PlyCount "86"]

1.e4 c5 2.Nf3 Nc6 3.Bb5 e6 4.O-O Nge7 5.Re1 a6 6.Bf1 b6 7.Nc3 Bb7 8.d4 
cxd4 9.Nxd4 Nxd4 10.Qxd4 Nc6 11.Qd3 Ne5 12.Qg3 Qc7 13.Be3 f6 14.f4 Ng6 15.
Qf2 Bc5 16.g3 Bxe3 17.Rxe3 O-O 18.Rd1 b5 19.a3 Rad8 20.Red3 Ne7 21.Bh3 f5 
22.exf5 Nxf5 23.Bg2 Bxg2 24.Qxg2 d5 25.Re1 Rf6 26.Re5 Rc8 27.Qe2 Qb6+ 28.
Qf2 Qxf2+ 29.Kxf2 d4 30.Ne2 Rxc2 31.b4 Ra2 32.Kf3 h6 33.h4 h5 34.Nxd4 
Nxd4+ 35.Rxd4 Rxa3+ 36.Re3 Ra4 37.Rd8+ Kf7 38.Rd7+ Kg6 39.Re5 Kh6 40.Rd6 
Rxb4 41.Rxa6 Rb3+ 42.Kf2 Rg6 43.Rexe6 Rxe6 1/2-1/2

[Event "23rd EUR-ch"]
[Site "Vrnjacka Banja SRB"]
[Date "2023.03.09"]
[Round "7.66"]
[White "Motylev, Alexander"]
[Black "Celik, Hasan Huseyin"]
[Result "1/2-1/2"]
[WhiteElo "2621"]
[BlackElo "2420"]
[EventDate "2023.03.03"]
[PlyCount "108"]

1.e4 c6 2.d4 d5 3.e5 Bf5 4.h4 h5 5.Bd3 Bxd3 6.Qxd3 Qa5+ 7.Nd2 e6 8.Nf3 Nh6
9.O-O Nf5 10.Nb3 Qa6 11.Qd1 Be7 12.g3 g6 13.Bg5 Bxg5 14.Nxg5 Nd7 15.a4 Rc8
16.c3 Kf8 17.Re1 Kg7 18.Nc1 c5 19.Ne2 Qb6 20.a5 Qb5 21.Ra3 Rc7 22.Nf4 Nf8 
23.dxc5 Qxc5 24.Ne2 Nh7 25.Nf3 a6 26.Ned4 Nxd4 27.cxd4 Qb4 28.Qb3 Qxb3 29.
Rxb3 Rhc8 30.Ree3 Rc1+ 31.Kg2 R8c7 32.Rec3 R1xc3 33.bxc3 Nf8 34.Ne1 Nd7 
35.Nd3 Kf8 36.Kf3 Ke8 37.Kf4 b6 38.axb6 Rb7 39.Nc5 Rxb6 40.Rxb6 Nxb6 41.
Nxa6 Na4 42.Nc7+ Kf8 43.Nb5 Kg7 44.Ke3 Nb2 45.Ke2 Nc4 46.Nd6 Na5 47.Ke3 
Kf8 48.f3 Kg7 49.Kf4 Nb3 50.Ke3 Na5 51.Kd3 Nc6 52.Kc2 Ne7 53.Kd2 Nc6 54.
Ke3 Na5 1/2-1/2

[Event "23rd EUR-ch"]
[Site "Vrnjacka Banja SRB"]
[Date "2023.03.09"]
[Round "7.67"]
[White "Alonso Garcia, Aaron"]
[Black "Kollars, Dmitrij"]
[Result "0-1"]
[WhiteElo "2437"]
[BlackElo "2618"]
[EventDate "2023.03.03"]
[PlyCount "124"]

1.e4 e5 2.Nf3 Nc6 3.Bb5 Nge7 4.O-O Ng6 5.c3 a6 6.Ba4 d5 7.exd5 Qxd5 8.d4 
Bg4 9.dxe5 Bxf3 10.Qxf3 Qxf3 11.gxf3 Nxe5 12.Bxc6+ Nxc6 13.Rd1 Bd6 14.Nd2 
O-O-O 15.Rf1 Ne5 16.b3 Rhe8 17.Kg2 Ng6 18.Nc4 Nh4+ 19.Kh3 Nxf3 20.Be3 Be7 
21.Rfd1 Bf6 22.Kg4 Ne5+ 23.Nxe5 Bxe5 24.Rxd8+ Rxd8 25.Rc1 Rd6 26.h4 Kd7 
27.Kf5 Bf6 28.h5 Rd5+ 29.Kg4 g6 30.hxg6 fxg6 31.Kf3 Ke6 32.c4 Rf5+ 33.Ke4 
h5 34.f4 g5 35.Rh1 g4 36.Rg1 Be7 37.Rg2 Bd6 38.Rh2 a5 39.Rh1 b6 40.Bc1 Kf6
41.Be3 Kg6 42.Rd1 Rf8 43.Rd5 Re8+ 44.Kd3 Be7 45.f5+ Kf6 46.Bd4+ Kf7 47.f6 
Bxf6 48.Rf5 Re6 49.Bxf6 Kg6 50.Rg5+ Kxf6 51.Rxh5 Kg6 52.Rh8 c5 53.a3 Kf5 
54.Rf8+ Kg5 55.Rg8+ Kf4 56.Rf8+ Kg3 57.b4 axb4 58.axb4 cxb4 59.Rf5 Kg2 60.
Rb5 g3 61.Rxb4 Kh2 62.Rb5 Rh6 0-1

[Event "23rd EUR-ch"]
[Site "Vrnjacka Banja SRB"]
[Date "2023.03.09"]
[Round "7.68"]
[White "Socko, Bartosz"]
[Black "Milikow, Yoav"]
[Result "1-0"]
[WhiteElo "2618"]
[BlackElo "2416"]
[EventDate "2023.03.03"]
[PlyCount "71"]

1.d4 d5 2.c4 e6 3.Nf3 Nf6 4.g3 Bb4+ 5.Nbd2 O-O 6.Bg2 b6 7.O-O Bb7 8.Ne5 
Bd6 9.cxd5 exd5 10.Ndc4 Be7 11.Bf4 Na6 12.Rc1 Ne4 13.Nd2 Nxd2 14.Qxd2 Qe8 
15.Rfd1 Rd8 16.Nd3 c5 17.dxc5 bxc5 18.b3 Qb5 19.h4 h6 20.h5 Rfe8 21.e3 Bf6
22.Qc2 Qb6 23.Nxc5 Rc8 24.b4 Nxb4 25.Qa4 Bc6 26.Qb3 Qa5 27.a3 Na6 28.Nb7 
Bxb7 29.Qxb7 Nc5 30.Qxd5 Bb2 31.Rc2 Bxa3 32.Ra1 Qb6 33.Rca2 Red8 34.Qf5 
Bb2 35.Rb1 Qf6 36.Bh3 1-0

[Event "23rd EUR-ch"]
[Site "Vrnjacka Banja SRB"]
[Date "2023.03.09"]
[Round "7.69"]
[White "Fataliyeva, Ulviyya"]
[Black "Ivic, Velimir"]
[Result "0-1"]
[WhiteElo "2427"]
[BlackElo "2606"]
[EventDate "2023.03.03"]
[PlyCount "78"]

1.d4 Nf6 2.Nf3 g6 3.Bf4 Bg7 4.c3 O-O 5.Nbd2 d6 6.e4 Nc6 7.Be2 Nh5 8.Be3 e5
9.O-O h6 10.Re1 Re8 11.a4 Qf6 12.a5 a6 13.Nb3 Nf4 14.Nfd2 h5 15.d5 Ne7 16.
Bf1 Bg4 17.Qc2 c6 18.dxc6 Nxc6 19.Nc4 Rad8 20.Nb6 g5 21.f3 Be6 22.g3 Nh3+ 
23.Bxh3 Bxh3 24.Qf2 Qg6 25.Nd5 f5 26.Nd2 Rf8 27.Qe2 Rd7 28.exf5 Bxf5 29.g4
hxg4 30.fxg4 Bd3 31.Qg2 e4 32.Ra4 Rdf7 33.Bb6 Be5 34.h3 Qh6 35.Raa1 Rf3 
36.Nxf3 exf3 37.Qh1 Qh4 38.Bf2 Bg3 39.Rf1 Bxf2+ 0-1

[Event "23rd EUR-ch"]
[Site "Vrnjacka Banja SRB"]
[Date "2023.03.09"]
[Round "7.70"]
[White "Yuffa, Daniil"]
[Black "Kilic, Eray"]
[Result "1-0"]
[WhiteElo "2605"]
[BlackElo "2415"]
[EventDate "2023.03.03"]
[PlyCount "115"]

1.d4 Nf6 2.c4 g6 3.Nc3 d5 4.cxd5 Nxd5 5.e4 Nxc3 6.bxc3 Bg7 7.Bc4 c5 8.Ne2 
Nc6 9.Be3 O-O 10.O-O b6 11.Qd2 Bb7 12.Rfd1 Rc8 13.Rac1 e6 14.Bg5 Qd7 15.h4
Na5 16.Bd3 cxd4 17.cxd4 Rxc1 18.Rxc1 Nc6 19.Bb5 a6 20.Bxc6 Bxc6 21.e5 Bb5 
22.Ng3 Bc6 23.Bf6 h6 24.Bxg7 Kxg7 25.h5 Bd5 26.Nf1 Rc8 27.Rxc8 Qxc8 28.
hxg6 fxg6 29.Ne3 Qd8 30.Qc1 h5 31.a3 Bb7 32.Qc4 Kf7 33.Qb4 a5 34.Qa4 Ke7 
35.Qc2 Qxd4 36.Qc7+ Qd7 37.Qxb6 a4 38.Qb1 Kf7 39.Nc4 Kg7 40.Nd6 Bc6 41.Qc1
Bd5 42.Qg5 Kh7 43.Kh2 Qa7 44.Qf4 Qd7 45.Qf6 Qg7 46.f4 Qd7 47.Nf7 Qe8 48.g3
Ba2 49.Kh3 Bb1 50.Kh4 Kg8 51.Nh6+ Kh7 52.Nf7 Kg8 53.Nh6+ Kh7 54.Kg5 Bc2 
55.Nf7 Kg8 56.Nd8 Bf5 57.Kh6 Qd7 58.Nc6 1-0

[Event "23rd EUR-ch"]
[Site "Vrnjacka Banja SRB"]
[Date "2023.03.09"]
[Round "7.71"]
[White "Kochavi, Ori"]
[Black "Moroni, Luca jr"]
[Result "1/2-1/2"]
[WhiteElo "2417"]
[BlackElo "2578"]
[EventDate "2023.03.03"]
[PlyCount "157"]

1.e4 e5 2.Nf3 Nc6 3.Bb5 a6 4.Ba4 d6 5.O-O Bd7 6.c3 g6 7.d4 Bg7 8.Re1 Nf6 
9.h3 O-O 10.Nbd2 Re8 11.Bc2 b5 12.a4 exd4 13.Nxd4 b4 14.Nxc6 Bxc6 15.cxb4 
Rb8 16.b5 axb5 17.axb5 Rxb5 18.Ba4 Ra5 19.Bxc6 Rxa1 20.Bxe8 Qxe8 21.Qc2 
Qb8 22.Nb3 Ra4 23.Bd2 Nd7 24.Qc6 Nb6 25.Rc1 Ra7 26.Bc3 Na4 27.Bxg7 Kxg7 
28.Qd5 Kg8 29.Rc2 Rb7 30.Nd4 Rxb2 31.Nc6 Qe8 32.Rc1 Nc5 33.e5 Qe6 34.Qf3 
Rb6 35.exd6 cxd6 36.Ra1 Kg7 37.Nd8 Qe7 38.Qc3+ f6 39.Ra8 Rb1+ 40.Kh2 Qe5+ 
41.Qxe5 fxe5 42.Ra7+ Kf8 43.Rxh7 Rb6 44.Rc7 Ke8 45.Nf7 Ne6 46.Ra7 e4 47.
Nh8 g5 48.Ng6 d5 49.Ne5 Rb2 50.Kg3 d4 51.Nc4 Rb3+ 52.Kg4 e3 53.fxe3 dxe3 
54.Nd6+ Kd8 55.Nf7+ Kc8 56.Nxg5 e2 57.Ra1 Rb4+ 58.Kf3 Nxg5+ 59.Kxe2 Rb2+ 
60.Kf1 Kd7 61.Re1 Kd6 62.Re2 Rb4 63.Kg1 Ne4 64.Kh2 Ke5 65.Ra2 Kf4 66.Ra8 
Nf6 67.Rf8 Rb6 68.Rf7 Re6 69.Rf8 Ke3 70.Rf7 Nd5 71.Rf3+ Ke4 72.Ra3 Nf4 73.
Ra4+ Ke3 74.Ra3+ Ke2 75.Ra2+ Ke1 76.Ra1+ Kf2 77.Ra2+ Ne2 78.Ra3 Rf6 79.
Rf3+ 1/2-1/2

[Event "23rd EUR-ch"]
[Site "Vrnjacka Banja SRB"]
[Date "2023.03.09"]
[Round "7.72"]
[White "Kalezic, Blazo"]
[Black "Grigoriants, Sergey"]
[Result "1/2-1/2"]
[WhiteElo "2415"]
[BlackElo "2572"]
[EventDate "2023.03.03"]
[PlyCount "46"]

1.e4 c5 2.c3 d5 3.exd5 Qxd5 4.d4 Nf6 5.Nf3 e6 6.Be3 cxd4 7.cxd4 Bb4+ 8.Nc3
Qa5 9.Qc2 b6 10.Bd3 Ba6 11.O-O O-O 12.Ne5 Rc8 13.Rfc1 Nc6 14.Qe2 Bxd3 15.
Nxd3 Bxc3 16.Rxc3 Ne7 17.b4 Qa4 18.Rb3 Qb5 19.a4 Qd5 20.Qb2 Qe4 21.Re1 Nf5
22.f3 Qd5 23.Bf2 Qd6 1/2-1/2

[Event "23rd EUR-ch"]
[Site "Vrnjacka Banja SRB"]
[Date "2023.03.09"]
[Round "7.73"]
[White "Tekeev, Zaur"]
[Black "Van Foreest, Lucas"]
[Result "1/2-1/2"]
[WhiteElo "2415"]
[BlackElo "2570"]
[EventDate "2023.03.03"]
[PlyCount "93"]

1.e4 c5 2.Nf3 d6 3.Bb5+ Bd7 4.Bxd7+ Nxd7 5.c3 Ngf6 6.Qe2 e6 7.d4 Be7 8.e5 
Nd5 9.c4 Nc7 10.exd6 Bxd6 11.dxc5 Nxc5 12.Nc3 a5 13.Bg5 f6 14.Be3 Qe7 15.
Rd1 O-O 16.O-O Rad8 17.Rd2 e5 18.Rfd1 N7e6 19.Rd5 Nc7 20.R5d2 N7e6 21.Nb5 
Bb8 22.Rd5 Rc8 23.Qc2 Qf7 24.b3 e4 25.Nfd4 Nd3 26.Nf5 Rcd8 27.Qe2 Ng5 28.
h4 Rxd5 29.cxd5 Qd7 30.Nbd4 Nf7 31.Qg4 Nfe5 32.Qxe4 Nc5 33.Qc2 b6 34.a3 g6
35.Nh6+ Kh8 36.b4 axb4 37.axb4 Ncd3 38.f4 Nxb4 39.Qb3 Ned3 40.Ne6 Re8 41.
Ng4 Nxd5 42.Rxd3 Qxe6 43.Rxd5 Qxg4 44.Qxb6 Qxh4 45.Rd8 Qe1+ 46.Kh2 Qh4+ 
47.Kg1 1/2-1/2

[Event "23rd EUR-ch"]
[Site "Vrnjacka Banja SRB"]
[Date "2023.03.09"]
[Round "7.74"]
[White "Neverov, Valeriy"]
[Black "Mchedlishvili, Mikheil"]
[Result "0-1"]
[WhiteElo "2414"]
[BlackElo "2569"]
[EventDate "2023.03.03"]
[PlyCount "112"]

1.c4 Nf6 2.Nf3 g6 3.Nc3 Bg7 4.e4 d6 5.d4 O-O 6.Be2 Nbd7 7.O-O e5 8.Re1 Re8
9.d5 Nc5 10.Nd2 a5 11.Bf1 Rf8 12.Nb3 b6 13.Nxc5 bxc5 14.a4 Ng4 15.f3 Nh6 
16.Bd2 f5 17.Qc1 Nf7 18.Nb5 Bd7 19.Ra3 f4 20.Bc3 Bf6 21.Qd2 c6 22.dxc6 
Bxc6 23.Rd1 Be7 24.Qc2 h5 25.Be1 Kh7 26.Rad3 g5 27.Kf2 Rg8 28.Ke2 g4 29.
Bf2 Qf8 30.Kd2 Rg6 31.Kc1 Ng5 32.Kb1 Ne6 33.Nxd6 Nd4 34.Rxd4 cxd4 35.Nf5 
Rb8 36.Ka2 Bd7 37.c5 Be6+ 38.Bc4 Bxc5 39.Rd3 Bxc4+ 40.Qxc4 Qg8 41.Qxg8+ 
Rgxg8 42.g3 Rgc8 43.gxf4 exf4 44.Bh4 Rb4 45.Bg5 Bf8 46.Kb1 Rcb8 47.Rd2 
gxf3 48.Bxf4 R8b7 49.Be5 Bh6 50.Nxh6 Kxh6 51.Bxd4 Kg5 52.e5 Rxd4 53.Rxd4 
f2 54.Rd1 Kf4 55.Ka2 Ke3 56.e6 Re7 0-1

[Event "23rd EUR-ch"]
[Site "Vrnjacka Banja SRB"]
[Date "2023.03.09"]
[Round "7.75"]
[White "Kobo, Ori"]
[Black "Ben Ari, Yannay"]
[Result "1/2-1/2"]
[WhiteElo "2548"]
[BlackElo "2411"]
[EventDate "2023.03.03"]
[PlyCount "54"]

1.e4 c6 2.Nf3 d5 3.e5 Bf5 4.a4 e6 5.d4 c5 6.Be3 Nd7 7.Be2 Ne7 8.O-O Nc6 9.
c4 dxc4 10.Nbd2 cxd4 11.Nxd4 c3 12.Nxf5 exf5 13.bxc3 Bc5 14.Bxc5 Nxc5 15.
Nc4 O-O 16.Qc2 g6 17.f4 Ne4 18.Rad1 Qe7 19.Nd6 Rad8 20.Nxe4 fxe4 21.Qxe4 
Qc5+ 22.Kh1 Qxc3 23.Bb5 Rxd1 24.Rxd1 Rd8 25.Rxd8+ Nxd8 26.g3 Kg7 27.Kg2 
Ne6 1/2-1/2

[Event "23rd EUR-ch"]
[Site "Vrnjacka Banja SRB"]
[Date "2023.03.09"]
[Round "7.76"]
[White "Lobanov, Sergei"]
[Black "Vetokhin, Savva"]
[Result "1/2-1/2"]
[WhiteElo "2545"]
[BlackElo "2388"]
[EventDate "2023.03.03"]
[PlyCount "59"]

1.d4 Nf6 2.c4 e6 3.Nc3 Bb4 4.e3 O-O 5.Bd3 d5 6.a3 Bxc3+ 7.bxc3 c5 8.cxd5 
Qxd5 9.Nf3 b6 10.c4 Qd8 11.e4 Bb7 12.Qc2 h6 13.d5 exd5 14.cxd5 Re8 15.O-O 
c4 16.Bxc4 Nxe4 17.Re1 Nd6 18.Rxe8+ Qxe8 19.Ba2 Na6 20.Bf4 Qe4 21.Qd2 Nc4 
22.Bxc4 Qxc4 23.d6 Bxf3 24.gxf3 Nc5 25.Re1 Qd3 26.Re7 Qxd2 27.Bxd2 Rd8 28.
Rxa7 Rxd6 29.Be3 Nd7 30.a4 1/2-1/2

[Event "23rd EUR-ch"]
[Site "Vrnjacka Banja SRB"]
[Date "2023.03.09"]
[Round "7.77"]
[White "Agdelen, Huseyin Can"]
[Black "Sebenik, Matej"]
[Result "1/2-1/2"]
[WhiteElo "2411"]
[BlackElo "2536"]
[EventDate "2023.03.03"]
[PlyCount "39"]

1.e4 c5 2.Nf3 Nc6 3.Bb5 e5 4.O-O Bd6 5.c3 a6 6.Ba4 b5 7.Bb3 c4 8.Bc2 Nf6 
9.d3 cxd3 10.Qxd3 Bc7 11.Re1 h6 12.Nbd2 O-O 13.Nf1 d5 14.Ng3 Be6 15.Be3 
Re8 16.a3 Qd7 17.Rad1 Rad8 18.Qd2 Qe7 19.Qc1 Qf8 20.h3 1/2-1/2